00401nam a2200145 a 4500008004100000050001400041245007300055246001900128260002800147300001500175350000900190650001400199650002200213650002000235120416s1961 ||||||||||||||||| || u aHD 82 Rob14aThe Theory of economic policy in English classical political economy aLionel Robbins aLondonbMacmillanc1961 axii, 217p. a0.00 0aECONOMICS aPOLITICAL ECONOMY 0aECONOMIC POLICY